|
|
|
|
| LEADER |
00000nam0a2200000 4500 |
| 001 |
263644 |
| 005 |
20231101233746.0 |
| 035 |
|
|
|a (RuTPU)RU\TPU\book\286632
|
| 090 |
|
|
|a 263644
|
| 100 |
|
|
|a 20140610d1987 k y0rusy50 ca
|
| 101 |
0 |
|
|a rus
|
| 102 |
|
|
|a KZ
|
| 105 |
|
|
|a a z 001zy
|
| 200 |
1 |
|
|a Структуры и минералого- геохимическая характеристика месторождений Казахстана
|e межвузовский сборник научных трудов
|f Казахский политехнический институт (КазПТИ)
|
| 210 |
|
|
|a Алма-Ата
|c Изд-во КазПТИ
|d 1987
|
| 215 |
|
|
|a 114 с.
|c ил.
|
| 320 |
|
|
|a Библиография в конце статей
|
| 606 |
1 |
|
|a Оруденение полиметаллическое
|2 stltpush
|3 (RuTPU)RU\TPU\subj\47509
|9 66437
|
| 610 |
1 |
|
|a Земля
|
| 610 |
1 |
|
|a тектоническое развитие
|
| 610 |
1 |
|
|a минералы
|
| 610 |
1 |
|
|a структурная устойчивость
|
| 610 |
1 |
|
|a акцессорный колумбит
|
| 610 |
1 |
|
|a типоморфия
|
| 610 |
1 |
|
|a железорудные месторождения
|
| 610 |
1 |
|
|a магнетиты
|
| 610 |
1 |
|
|a образование
|
| 675 |
|
|
|a 553.2.07
|v 3
|
| 712 |
0 |
2 |
|a Казахский политехнический институт (КазПТИ)
|c (1960-1994)
|c (Алма-Ата)
|2 stltpush
|3 (RuTPU)RU\TPU\col\316
|
| 801 |
|
1 |
|a RU
|b 63413507
|c 20140610
|
| 801 |
|
2 |
|a RU
|b 63413507
|c 20150407
|g RCR
|
| 942 |
|
|
|c BK
|